Statistics for 5-Letter Geography Chain #1

Click here to take the quiz!

General Stats

  • This quiz has been taken 98,788 times
  • The average score is 18 of 28

Answer Stats

HintAnswer% Correct
Boot-shaped countryItaly
98%
Neighbor of OmanYemen
97%
Book of mapsAtlas
88%
Suez or Panama, e.g.Canal
87%
River and country in AfricaNiger
87%
Language of Bollywood filmsHindi
81%
Religion that started in Saudi ArabiaIslam
81%
Country called a subcontinentIndia
78%
Currency of RussiaRuble
76%
Highest peak in the Alps, Mont _____Blanc
75%
Deep, narrow, ocean inlet common in NorwayFjord
73%
Capital of BelarusMinsk
72%
Triangle-shaped place where a river meets the seaDelta
70%
Bearded religious group of PennsylvaniaAmish
68%
Head covering for Muslim womenHijab
68%
Spit-roasted meat of the Middle EastKebab
66%
Half of HispaniolaHaiti
65%
Biggest metro area in AfricaLagos
57%
Egyptian peninsula located in AsiaSinai
56%
Europe's longest riverVolga
55%
Waikiki or Ipanema, e.g.Beach
54%
Yokohama's northern neighborTokyo
52%
Major Ruhr Valley cityEssen
34%
Quay, pier, jettyWharf
33%
First letter in the Hebrew alphabetAleph
26%
Israeli desertNegev
26%
Type of lake caused by a river changing courseOxbow
24%
_____ Ste. Marie, OntarioSault
24%

Score Distribution

Percentile by Number Answered

Percent of People with Each Score

Your Score History

You have not taken this quiz